[Event "1800-2200 10 Player Round Robin"]
[Site "SchemingMind.com"]
[Date "2012.04.01"]
[Round "-"]
[White "smothered mate"]
[Black "jdcald13"]
[Result "0-1"]
[WhiteCountry "POL"]
[BlackCountry "USA"]
[WhiteElo "1999"]
[WhiteRD "63"]
[BlackElo "2018"]
[BlackRD "70"]
[GameID "307153"]

1. e4 c5 2. Nf3 d6 3. c3 Nf6 4. Be2 Nc6 5. d4 cxd4 6. cxd4 Nxe4 7. d5 Qa5+ 8. Nc3 Nxc3 9. bxc3 Ne5 10. Nxe5 dxe5
11. O-O g6 12. Rb1 a6 13. f4 Qc5+ 14. Kh1 e4 15. Rb4 Bg7 16. Rc4 Qd6 17. Rxe4 O-O 18. Qb3 Qc7 19. Rc4 Qa5 20. Ba3 Re8
21. Rc5 Qd8 22. Rd1 b5 23. Bf3 Ra7 24. Rc6 Bb7 25. Bc5 Bxc6 26. dxc6 Qb8 27. c4 Rc7 28. cxb5 axb5 29. h3 Rec8 30. Qe3 Bf6
31. Bb6 e6 32. Bxc7 Rxc7 33. Qb3 Be7 34. a4 b4 35. a5 Qa7 36. Ra1 Qd4 37. Rd1 Qxf4 38. Rd7 Bd6 39. Rxd6 Qxd6 40. a6 Qd4
41. Qa4 Qb6 42. Qb3 Qxa6 43. Qxb4 Qa1+ 44. Kh2 Qe5+ 45. Kg1 Ra7 46. Qd2 Ra1+ 47. Kf2 Rb1 48. Be2 Qc5+ 49. Kg3 Qxc6 50. Qd8+ Kg7
51. Qd4+ f6 52. Bf3 Qc7+ 53. Kh4 Rc1 54. Qe3 Rc4+ 55. g4 g5+ 56. Kh5 Qf7#
0-1

[Event "1800-2200 10 Player Round Robin"]
[Site "SchemingMind.com"]
[Date "2012.04.01"]
[Round "-"]
[White "jdcald13"]
[Black "smothered mate"]
[Result "0-1"]
[WhiteCountry "USA"]
[BlackCountry "POL"]
[WhiteElo "1987"]
[WhiteRD "63"]
[BlackElo "1978"]
[BlackRD "63"]
[GameID "307154"]

1. c4 e6 2. d3 d5 3. cxd5 exd5 4. g3 Nf6 5. Bg2 c6 6. Nf3 Be7 7. O-O O-O 8. d4 Bf5 9. Nc3 Re8 10. a3 b5
11. b4 Nbd7 12. Bf4 Nb6 13. Ne5 Qc8 14. Re1 Ne4 15. Nxe4 Bxe4 16. Bxe4 dxe4 17. Qc2 Qh3 18. Nxc6 Bf6 19. Ne5 g5 20. Qc6 Be7
21. Be3 f6 22. Qxb5 fxe5 23. Qxe5 Rad8 24. Rac1 Nd5 25. Qxe4 Bxb4 26. Qd3 Bxe1 27. Rxe1 Nxe3 28. fxe3 Qe6
0-1

[Event "1800-2200 10 Player Round Robin"]
[Site "SchemingMind.com"]
[Date "2012.04.01"]
[Round "-"]
[White "Adrian Grajczak"]
[Black "jdcald13"]
[Result "1-0"]
[WhiteCountry "POL"]
[BlackCountry "USA"]
[WhiteElo "2118"]
[WhiteRD "65"]
[BlackElo "1987"]
[BlackRD "63"]
[GameID "307161"]

1. e4 c5 2. Nf3 d6 3. d4 cxd4 4. Nxd4 Nf6 5. Nc3 g6 6. Be3 Bg7 7. f3 O-O 8. Qd2 Nc6 9. Bc4 Bd7 10. O-O-O Ne5
11. Bb3 Rc8 12. h4 Re8 13. h5 Nxh5 14. g4 Nf6 15. Bh6 Bh8 16. Kb1 Qa5 17. Qh2 Nc4 18. Bxc4 Rxc4 19. Nd5 Rxd4 20. Rxd4 Nxg4
21. fxg4 Bxd4 22. Bd2
1-0

[Event "1800-2200 10 Player Round Robin"]
[Site "SchemingMind.com"]
[Date "2012.04.01"]
[Round "-"]
[White "Adrian Grajczak"]
[Black "smothered mate"]
[Result "1-0"]
[WhiteCountry "POL"]
[BlackCountry "POL"]
[WhiteElo "2119"]
[WhiteRD "64"]
[BlackElo "1999"]
[BlackRD "63"]
[GameID "307162"]

1. e4 c5 2. Nf3 d6 3. d4 cxd4 4. Nxd4 Nf6 5. Nc3 g6 6. Be3 Bg7 7. f3 O-O 8. Qd2 Nc6 9. Bc4 Bd7 10. O-O-O Qb8
11. h4 b5 12. Bd5 b4 13. Nxc6 Bxc6 14. Bxc6 bxc3 15. bxc3 Rc8 16. Bxa8 Nxe4 17. Bxe4 Bxc3 18. Qxc3 Rxc3 19. Bd4 Rc8 20. h5 g5
21. Rd3 d5 22. Bxd5 Qb5 23. Be4 f5 24. a4 Qc4 25. Rc3 Qxd4 26. Rxc8+ Kf7 27. Re1 fxe4 28. Rxe4 Qa1+ 29. Kd2 Qg1 30. Rc7 Qxg2+
31. Re2 Qxf3 32. Rexe7+ Kf8 33. Rxh7 Qf2+ 34. Kc3 Qe1+ 35. Kc4 Qe4+ 36. Kb5 Qf5+ 37. Ka6 Qe6+ 38. Kb7 Qe4+ 39. Kb8 Qb4+ 40. Ka8 Qe4+
41. Rb7 Kg8 42. Re7 Qc6 43. Rc7
1-0

[Event "1800-2200 10 Player Round Robin"]
[Site "SchemingMind.com"]
[Date "2012.04.01"]
[Round "-"]
[White "jdcald13"]
[Black "Adrian Grajczak"]
[Result "1-0"]
[WhiteCountry "USA"]
[BlackCountry "POL"]
[WhiteElo "1987"]
[WhiteRD "63"]
[BlackElo "2118"]
[BlackRD "65"]
[GameID "307163"]

1. c4 Nf6 2. g3 e6 3. Bg2 d5 4. cxd5 exd5 5. Nf3 Bd6 6. O-O O-O 7. d4 c6 8. Nc3 Re8 9. a3 a5 10. Bf4 Bxf4
11. gxf4 Qb6 12. Qc2 Bg4 13. e3 Nbd7 14. Ne5 Bh5 15. Rac1 Nf8 16. Na4 Qc7 17. b4 axb4 18. axb4 Ra7 19. b5 Qa5 20. bxc6 bxc6
21. Nc5 Rc8 22. Qb2 Qb5 23. Rc2 Ng6 24. Qxb5 cxb5 25. Rb2 Nh4 26. Bh3 Rca8 27. Rfb1
1-0

[Event "1800-2200 10 Player Round Robin"]
[Site "SchemingMind.com"]
[Date "2012.04.01"]
[Round "-"]
[White "smothered mate"]
[Black "Adrian Grajczak"]
[Result "0-1"]
[WhiteCountry "POL"]
[BlackCountry "POL"]
[WhiteElo "1936"]
[WhiteRD "62"]
[BlackElo "2188"]
[BlackRD "74"]
[GameID "307164"]

1. e4 d6 2. f4 e5 3. Nf3 exf4 4. Bc4 h6 5. d4 g5 6. O-O Bg7 7. c3 Ne7 8. h4 Ng6 9. h5 Ne7 10. Qb3 O-O
11. Na3 Nbc6 12. Qc2 Bg4 13. d5 Ne5 14. Nxe5 Bxe5 15. Be2 Qd7 16. Nc4 Bg7 17. Qd1 Bxe2 18. Qxe2 Rae8 19. Qf2 Nc8 20. Re1 Qg4
21. Qf3 Qxf3 22. gxf3 f5 23. Bd2 fxe4 24. Rxe4 Rxe4 25. fxe4 Re8 26. Re1 b6 27. Kg2 Kf7 28. Kf3 Ne7 29. Na3 a6 30. Nc2 Ng8
31. Nb4 a5 32. Nc6 Nf6 33. e5 Nxd5 34. e6+ Kf8 35. Kg4 Nf6+ 36. Kf5 Nxh5 37. Kg6 Ng3
0-1

[Event "1800-2200 10 Player Round Robin"]
[Site "SchemingMind.com"]
[Date "2012.04.02"]
[Round "-"]
[White "rookie31"]
[Black "jdcald13"]
[Result "1-0"]
[WhiteCountry "IND"]
[BlackCountry "USA"]
[WhiteElo "2158"]
[WhiteRD "75"]
[BlackElo "2010"]
[BlackRD "83"]
[GameID "307250"]

1. d4 c5 2. d5 Nf6 3. c4 b5 4. cxb5 a6 5. e3 axb5 6. Bxb5 Qa5+ 7. Nc3 Bb7 8. Bd2 Nxd5 9. Nxd5 Qd8 10. Bc3 e6
11. Nf4 g5 12. Nxe6 Qb6 13. Bxh8 Bxg2 14. Nxf8 Qxb5 15. Qd6 Qf1+ 16. Kd2 Qxa1 17. Nxh7 Kd8 18. Be5
1-0

[Event "1800-2200 10 Player Round Robin"]
[Site "SchemingMind.com"]
[Date "2012.04.02"]
[Round "-"]
[White "rookie31"]
[Black "smothered mate"]
[Result "1/2-1/2"]
[WhiteCountry "IND"]
[BlackCountry "POL"]
[WhiteElo "2200"]
[WhiteRD "61"]
[BlackElo "1999"]
[BlackRD "63"]
[GameID "307251"]

1. d4 d5 2. c4 e6 3. Nc3 c5 4. cxd5 exd5 5. dxc5 d4 6. Ne4 Nc6 7. Qb3 Nf6 8. Bg5 Bxc5 9. Nxc5 Qa5+ 10. Kd1 Qxc5
11. Bxf6 gxf6 12. Nf3 d3 13. exd3 Qxf2 14. Rc1 O-O 15. Rc2 Qe3 16. Re2 Qc5 17. Rd2 Bg4 18. Qc4 Qh5 19. Be2 Rac8 20. Qf4 Rfe8
21. Rf1 Ne7 22. h3 Bd7 23. Ke1 Nd5 24. Qg3+ Kh8 25. Kf2 Ne3 26. Rg1 Qh6 27. Qh4 Qg6 28. d4 Nf5 29. Qf4 Re4 30. Qxe4 Qg3+
31. Kf1 Re8 32. Qxe8+ Bxe8 33. Rd3 Bc6 34. a3 Qf4 35. Kf2 Ng3 36. Re1 Ne4+ 37. Kg1 Qg3 38. Rf1 Ng5 39. Kh1 Nxf3 40. Bxf3 Bb5
41. Rdd1 Bxf1 42. Rxf1 Kg7 43. Rd1 Qc7 44. d5 Qd6 45. Bg4 Kg6 46. Bf3 f5 47. b4 h5 48. Kg1 h4 49. Kf2 Qg3+ 50. Kf1 Qd6
51. Kf2 Kf6 52. Ke2 Ke7 53. Rd3 f4 54. Kd2 b6 55. Kc2 a5 56. bxa5 bxa5 57. Kd2 Qb6 58. d6+ Kd8 59. d7 Qc5 60. Kd1 Qc4
61. Kd2 f5 62. Be2 Qg8 63. Bf3 Qa2+ 64. Kd1 Qb2 65. Be2 Qb1+ 66. Kd2 Qb2+ 67. Kd1 Qg7 68. Bf3 Qa1+ 69. Kc2 Qg1 70. Kd2 Qb1
71. Be2 Qg1 72. Bf3 Qf2+ 73. Kd1 Qb2 74. Be2 Qb1+ 75. Kd2 Qh1 76. Bf3 Qf1 77. Kc2 Qe1 78. Rd5 a4 79. Rd3 Qg1 80. Kd2 Qf1
81. Kc2 Qe1 82. Rd2 Qa1 83. Rd3 Qa2+ 84. Kd1 Qb2 85. Be2 Qa1+ 86. Kc2 Qa2+ 87. Kd1 Qc4 88. Kd2 Qc5 89. Bf3 Qa5+ 90. Kc2 Qb6
91. Kd2 Qb2+=
1/2-1/2

[Event "1800-2200 10 Player Round Robin"]
[Site "SchemingMind.com"]
[Date "2012.04.02"]
[Round "-"]
[White "rookie31"]
[Black "Adrian Grajczak"]
[Result "1-0"]
[WhiteCountry "IND"]
[BlackCountry "POL"]
[WhiteElo "2194"]
[WhiteRD "60"]
[BlackElo "2188"]
[BlackRD "74"]
[GameID "307252"]

1. d4 Nf6 2. c4 e6 3. Nf3 d5 4. Bg5 Nbd7 5. e3 Bb4+ 6. Nc3 c5 7. cxd5 exd5 8. dxc5 Qa5 9. Rc1 Ne4 10. Qxd5 Nxc3
11. bxc3 Bxc3+ 12. Kd1 O-O 13. Bc4 Nf6 14. Qd3 Bb2 15. Rc2 Bg4 16. Ke2 Rad8 17. Qb3 h6 18. Bxh6 Ba3 19. Bg5 Bxc5 20. Bxf6 gxf6
21. Qxb7 Bf5 22. Rd2 Rb8 23. Qa6 Qc3 24. Bb3 Rfe8 25. Rhd1 Bb6 26. Kf1 Rbc8 27. Kg1 Be4 28. Qe2 Rc5 29. Rd7 Rf8 30. Nd2 Bg6
31. Qg4 Kh7 32. Ne4
1-0

[Event "1800-2200 10 Player Round Robin"]
[Site "SchemingMind.com"]
[Date "2012.04.02"]
[Round "-"]
[White "jdcald13"]
[Black "rookie31"]
[Result "0-1"]
[WhiteCountry "USA"]
[BlackCountry "IND"]
[WhiteElo "1990"]
[WhiteRD "78"]
[BlackElo "2202"]
[BlackRD "65"]
[GameID "307253"]

1. c4 e5 2. d3 Nf6 3. g3 d5 4. cxd5 Nxd5 5. Nf3 Nc6 6. Bg2 Be7 7. Qb3 Be6 8. O-O Nf4 9. Qxb7 Nxe2+ 10. Kh1 Bd5
11. Nc3 Nxc3 12. bxc3 Nb4 13. Qb5+ c6 14. Qa4 Nxd3 15. Be3 O-O 16. Rab1 Qd7 17. Rfd1 Qf5 18. Kg1 Nc5 19. Nh4 Qxb1 20. Bxc5 Qb7
21. Bxd5 cxd5 22. Bxe7 Qxe7 23. Rxd5 Rad8 24. Ra5 Qc7 25. Nf3 Qxc3 26. Nxe5 Qe1+ 27. Kg2 Rd1 28. Rxa7 Qf1+ 29. Kf3 Rd2 30. Ng4 h5
31. Ra8 hxg4+ 32. Kxg4 Qe2+ 33. f3 Qe6+ 34. Kf4 Qh6+ 35. Ke4 f5+ 36. Ke5 Qd6#
0-1

[Event "1800-2200 10 Player Round Robin"]
[Site "SchemingMind.com"]
[Date "2012.04.02"]
[Round "-"]
[White "smothered mate"]
[Black "rookie31"]
[Result "0-1"]
[WhiteCountry "POL"]
[BlackCountry "IND"]
[WhiteElo "1936"]
[WhiteRD "62"]
[BlackElo "2194"]
[BlackRD "60"]
[GameID "307254"]

1. e4 c6 2. d4 d5 3. exd5 cxd5 4. c4 e6 5. Nc3 Nf6 6. Nf3 Nc6 7. Bg5 Be7 8. a3 O-O 9. Rc1 b6 10. cxd5 Nxd5
11. Ne4 Bb7 12. Bb5 Rc8 13. O-O Bxg5 14. Nexg5 h6 15. Ne4 a6 16. Bd3 Nf4 17. Bb1 Nxd4 18. Nxd4 Qxd4 19. Qxd4 Ne2+ 20. Kh1 Nxd4
21. Rxc8 Rxc8 22. Nd6 Rc7 23. Nxb7 Rxb7 24. Rc1 Kf8 25. Bd3 b5 26. g3 Rd7 27. Be4 f5 28. Bg2 Nb3 29. Re1 Rd2 30. h4 Ke7
31. Bb7 Rxb2 32. Bxa6 Nc5 33. Bc8 Rxf2 34. Rb1 Rc2 35. Rxb5 Ne4 36. Bb7 Nxg3+ 37. Kg1 Ra2 38. Rb3 f4 39. Bf3 g5 40. hxg5 hxg5
41. Bc6 Ne2+ 42. Kf1 Nd4 43. Rb7+ Kf6 44. Be8 g4 45. Rb4 Ra1+ 46. Kf2 g3+ 47. Kg2 Ra2+
0-1

[Event "1800-2200 10 Player Round Robin"]
[Site "SchemingMind.com"]
[Date "2012.04.02"]
[Round "-"]
[White "Adrian Grajczak"]
[Black "rookie31"]
[Result "1-0"]
[WhiteCountry "POL"]
[BlackCountry "IND"]
[WhiteElo "2131"]
[WhiteRD "102"]
[BlackElo "2158"]
[BlackRD "75"]
[GameID "307255"]

1. e4 c6 2. d4 d5 3. f3 dxe4 4. fxe4 e5 5. Nf3 exd4 6. Bc4 Nf6 7. O-O Bc5 8. Ng5 Qe7 9. Bxf7+ Kd8 10. e5 Qxe5
11. Bf4
1-0

[Event "1800-2200 10 Player Round Robin"]
[Site "SchemingMind.com"]
[Date "2012.04.05"]
[Round "-"]
[White "e_castle3"]
[Black "jdcald13"]
[Result "0-1"]
[WhiteCountry "PHI"]
[BlackCountry "USA"]
[WhiteElo "1878"]
[WhiteRD "62"]
[BlackElo "1987"]
[BlackRD "63"]
[GameID "307443"]

1. e4 c5 2. Nf3 d6 3. Bc4 Nc6 4. O-O Nf6 5. Re1 Bg4 6. h3 Bh5 7. g4 Bg6 8. Nc3 e6 9. a3 Be7 10. Bf1 a6
11. d3 Qc7 12. Bf4 h5 13. g5 Nd7 14. h4 O-O-O 15. Bh3 Kb8 16. d4 cxd4 17. Na2 e5 18. Bg3 f6 19. c3 fxg5 20. hxg5 Nc5
21. cxd4 Nxe4 22. Bh4 d5 23. Rc1 exd4 24. Nxd4 Qb6 25. Nxc6+ bxc6 26. Re3 Ka7 27. b4 Rhf8 28. Qa4 Bxg5 29. Rxc6 Bxe3 30. Rxb6 Bxb6
31. Bxd8 Rxd8 32. Bf1 Bxf2+ 33. Kg2 Rd6 34. b5 Bf5 35. Qd4+ Bxd4
0-1

[Event "1800-2200 10 Player Round Robin"]
[Site "SchemingMind.com"]
[Date "2012.04.05"]
[Round "-"]
[White "e_castle3"]
[Black "smothered mate"]
[Result "0-1"]
[WhiteCountry "PHI"]
[BlackCountry "POL"]
[WhiteElo "1835"]
[WhiteRD "62"]
[BlackElo "1999"]
[BlackRD "63"]
[GameID "307444"]

1. e4 c5 2. Nf3 d6 3. Bc4 a6 4. a3 e6 5. O-O Nf6 6. Re1 Be7 7. c3 Nc6 8. d4 b5 9. Ba2 c4 10. Bg5 h6
11. Bh4 O-O 12. b3 cxb3 13. Bxb3 Na5 14. Nbd2 Bb7 15. Bxf6 Bxf6 16. Bc2 Rc8 17. Re3 Bg5 18. Nxg5 hxg5 19. Rh3 g6 20. Qg4 Nc4
21. Nf3 f6 22. Qxe6+ Kg7 23. d5 Rc7 24. Qg4 Bc8 25. Qg3 Bxh3 26. Qxh3 Rh8 27. Qg3 Ne5 28. Nd4 Qc8 29. Ne6+ Kf7 30. Nxc7 Qxc7
31. Bb3 Rh4 32. h3 Rxe4 33. a4 b4 34. cxb4 Rxb4 35. Qe3 Qb7 36. Rb1 Nc4 37. Qd3 a5 38. Bc2 Ne5 39. Rxb4 Qxb4 40. Qe4 Qd2
41. Bb3 Qc1+ 42. Kh2 Qb2 43. Qc2 Qxc2 44. Bxc2 Nc4 45. Kg3 Nb6 46. Bb3 f5 47. Kf3 Kf6 48. Ke3 Ke5 49. g4 Nxd5+ 50. Bxd5 Kxd5
51. Kd3 f4 52. f3 Kc5
0-1

[Event "1800-2200 10 Player Round Robin"]
[Site "SchemingMind.com"]
[Date "2012.04.05"]
[Round "-"]
[White "e_castle3"]
[Black "rookie31"]
[Result "0-1"]
[WhiteCountry "PHI"]
[BlackCountry "IND"]
[WhiteElo "1883"]
[WhiteRD "64"]
[BlackElo "2202"]
[BlackRD "65"]
[GameID "307445"]

1. e4 c6 2. d4 d5 3. exd5 cxd5 4. Nf3 e6 5. Bd3 Nf6 6. O-O Nc6 7. c3 Bd6 8. h3 O-O 9. Bg5 h6 10. Be3 Qc7
11. Nbd2 Bd7 12. Re1 Rfe8 13. Nf1 Re7 14. Rc1 Rae8 15. b4 a6 16. a4 e5 17. b5 e4 18. bxc6 Bxc6 19. Bxe4 Nxe4 20. N1d2 Ba3
21. Ra1 Bb2 22. Nxe4 dxe4 23. Rb1 Bxc3 24. Bd2 exf3 25. Bxc3 Rxe1+ 26. Bxe1 fxg2 27. Rc1 Qd7 28. Qd3 Bxa4 29. Kxg2 Qd5+ 30. Kh2 Bc6
0-1

[Event "1800-2200 10 Player Round Robin"]
[Site "SchemingMind.com"]
[Date "2012.04.05"]
[Round "-"]
[White "e_castle3"]
[Black "Adrian Grajczak"]
[Result "0-1"]
[WhiteCountry "PHI"]
[BlackCountry "POL"]
[WhiteElo "1860"]
[WhiteRD "67"]
[BlackElo "2188"]
[BlackRD "74"]
[GameID "307446"]

1. e4 d6 2. d4 Nf6 3. Bd3 e5 4. d5 g6 5. Bg5 Bg7 6. Qc1 O-O 7. Bh6 Nbd7 8. Bxg7 Kxg7 9. b4 a5 10. bxa5 Rxa5
11. Nf3 Nc5 12. Nbd2 Bg4 13. h3 Bxf3 14. Nxf3 Nfxe4 15. O-O Nxd3 16. cxd3 Nf6 17. Qb2 b6 18. Rac1 Nxd5 19. Rc4 Qa8 20. a3 Rxa3
0-1

[Event "1800-2200 10 Player Round Robin"]
[Site "SchemingMind.com"]
[Date "2012.04.05"]
[Round "-"]
[White "jdcald13"]
[Black "e_castle3"]
[Result "1-0"]
[WhiteCountry "USA"]
[BlackCountry "PHI"]
[WhiteElo "2007"]
[WhiteRD "68"]
[BlackElo "1838"]
[BlackRD "62"]
[GameID "307447"]

1. c4 e5 2. Nc3 Nc6 3. g3 Nf6 4. Bg2 d6 5. d3 Be7 6. Nf3 O-O 7. O-O Rb8 8. a3 a6 9. b4 Bg4 10. Bd2 Qd7
11. Re1 Bh3 12. Bh1 Rfe8 13. e3 Bf8 14. Qb3 h6 15. a4 Be6 16. b5 Ne7 17. Rab1 Qc8 18. b6 Nd7 19. bxc7 Qxc7 20. Rb2 Nc5
21. Qc2 Bf5 22. e4 Bd7 23. Reb1 Bc6 24. Be3 Qd7 25. Bxc5 dxc5 26. Nxe5 Qc7 27. f4 Red8 28. Nxc6 Nxc6 29. Nd5 Qa5 30. Kf2 Nd4
31. Qd1 Rd6 32. Rxb7 Rxb7 33. Rxb7 g5 34. e5 Re6 35. Nf6+ Kg7 36. Bd5 Re7 37. Rxe7 Bxe7 38. fxg5 hxg5 39. Ne4 Qb4 40. Qd2 Qxa4
41. Nxg5 Qd7 42. Nxf7 Qf5+ 43. Qf4 Qxd3 44. Qh6+
1-0

[Event "1800-2200 10 Player Round Robin"]
[Site "SchemingMind.com"]
[Date "2012.04.05"]
[Round "-"]
[White "smothered mate"]
[Black "e_castle3"]
[Result "1-0"]
[WhiteCountry "POL"]
[BlackCountry "PHI"]
[WhiteElo "1979"]
[WhiteRD "65"]
[BlackElo "1838"]
[BlackRD "62"]
[GameID "307448"]

1. d4 d5 2. c4 e6 3. Nc3 Nf6 4. a3 Be7 5. Nf3 O-O 6. e3 a6 7. Bd2 Nbd7 8. Rc1 Re8 9. c5 Nf8 10. h4 Bd7
11. Bd3 h5 12. Ne5 Bc6 13. f3 N6d7 14. Nxc6 bxc6 15. g4 Bxh4+ 16. Kf1 hxg4 17. f4 f5 18. Qe2 Ng6 19. Be1 Kf7 20. Bxa6 Rh8
21. Bb7 Rb8 22. Bxc6 Bxe1 23. Rxh8 Qxh8 24. Kxe1 Nf6 25. b4 Qh4+ 26. Kd2 Rh8 27. b5 Qg3 28. b6 Ne7 29. Qb5 Rh2+ 30. Ne2 Qf3
31. Be8+ Kf8 32. b7 Ne4+ 33. Kc2 Rxe2+ 34. Kb3 Qxe3+ 35. Ka4 Qxc1 36. b8=Q Nc3+ 37. Ka5 Qxa3+ 38. Qa4 Nxa4 39. Bg6+
1-0

[Event "1800-2200 10 Player Round Robin"]
[Site "SchemingMind.com"]
[Date "2012.04.05"]
[Round "-"]
[White "rookie31"]
[Black "e_castle3"]
[Result "1-0"]
[WhiteCountry "IND"]
[BlackCountry "PHI"]
[WhiteElo "2202"]
[WhiteRD "65"]
[BlackElo "1883"]
[BlackRD "64"]
[GameID "307449"]

1. d4 d5 2. c4 e6 3. Nc3 Nf6 4. Bg5 Be7 5. e3 O-O 6. Nf3 h6 7. Bh4 a6 8. cxd5 exd5 9. Bd3 b6 10. Ne5 Bb7
11. O-O Nbd7 12. Nxd7 Nxd7 13. Bxe7 Qxe7 14. Rc1 Rfd8 15. Na4 Nf6 16. Qc2 Ne8 17. Rfe1 Qf6 18. a3 Rd6 19. Bh7+ Kh8 20. Bf5 Rc6
21. Nc3 Rd8 22. Bd3 b5 23. Qb3 Rb6 24. Ne2 Qh4 25. Ng3 g6 26. Rc3 Re6 27. Rec1 c6 28. Ne2 Ng7 29. Nf4 Red6 30. Qc2 Rc8
31. Be2 Rc7 32. Nd3 Ne6 33. Ne5 Nd8 34. b4 Bc8 35. Bd3 Qg5 36. a4 Bh3 37. f4
1-0

[Event "1800-2200 10 Player Round Robin"]
[Site "SchemingMind.com"]
[Date "2012.04.05"]
[Round "-"]
[White "Adrian Grajczak"]
[Black "e_castle3"]
[Result "1-0"]
[WhiteCountry "POL"]
[BlackCountry "PHI"]
[WhiteElo "2126"]
[WhiteRD "65"]
[BlackElo "1838"]
[BlackRD "62"]
[GameID "307450"]

1. e4 c6 2. d4 d5 3. f3 e6 4. Nc3 Qh4+ 5. g3 Qd8 6. Be3 Bb4 7. Ne2 Ne7 8. Bg2 Nd7 9. O-O h5 10. a3 Ba5
11. b4 Bc7 12. e5 b6 13. Nf4 Nf5 14. Bf2 Ba6 15. Nd3 h4 16. g4 Ne7 17. h3 Nf8 18. f4 Nfg6 19. Be3 Qd7 20. Qf3 O-O-O
21. a4 Rdf8 22. Rfb1 Kd8 23. b5 Bb7 24. Nb4 f6 25. bxc6 Nxc6 26. Nxc6+ Bxc6 27. Qe2 fxe5 28. fxe5 Nf4 29. Qd2 Nxg2 30. Kxg2 Qe8
31. Nb5 Bb8 32. Bg5+ Kd7 33. Qd3 Bb7 34. a5 a6 35. Nd6 Bxd6 36. Rxb6 Bxe5 37. Rxb7+ Kc8 38. Qxa6 Bc7 39. Rb8+
1-0

[Event "1800-2200 10 Player Round Robin"]
[Site "SchemingMind.com"]
[Date "2012.04.05"]
[Round "-"]
[White "Majoanis"]
[Black "e_castle3"]
[Result "1-0"]
[WhiteCountry "CAN"]
[BlackCountry "PHI"]
[WhiteElo "1834"]
[WhiteRD "55"]
[BlackElo "1878"]
[BlackRD "62"]
[GameID "307451"]

1. c4 e5 2. Nc3 Nc6 3. Nf3 d6 4. d4 exd4 5. Nxd4 Nxd4 6. Qxd4 Qf6 7. Qxf6 Nxf6 8. g3 Be6 9. b3 O-O-O 10. Bg2 h5
11. O-O h4 12. Bg5 h3 13. Bf3 Be7 14. Rfd1 Ng8 15. Bxe7 Nxe7 16. Nd5 Bxd5 17. Bxd5 Nxd5 18. cxd5 Rde8 19. e3 Re5 20. Rd4 Kd7
21. Rad1 Rh6 22. e4 Rg6 23. f4 Rh5 24. b4 Rg4 25. b5 Rh6 26. a4 Rhg6 27. Kf2 Rf6 28. a5 Rgg6 29. a6 Kc8 30. Rc4 Rh6
31. Rdc1 c5 32. dxc6 b6 33. Rd4 Kc7 34. Rcd1 g5 35. e5 Re6 36. Rxd6 Rxd6 37. Rxd6 Rxd6 38. exd6+ Kxd6 39. fxg5
1-0

[Event "1800-2200 10 Player Round Robin"]
[Site "SchemingMind.com"]
[Date "2012.04.04"]
[Round "-"]
[White "Majoanis"]
[Black "jdcald13"]
[Result "0-1"]
[WhiteCountry "CAN"]
[BlackCountry "USA"]
[WhiteElo "1834"]
[WhiteRD "55"]
[BlackElo "1987"]
[BlackRD "63"]
[GameID "307452"]

1. c4 Nf6 2. Nf3 g6 3. g3 Bg7 4. Bg2 O-O 5. O-O c6 6. d4 d5 7. cxd5 cxd5 8. Ne5 Nc6 9. Nc3 e6 10. f4 Bd7
11. Be3 Rc8 12. Qd2 a6 13. Kh1 Qa5 14. Nxc6 Rxc6 15. Nxd5 Qxd2 16. Nxf6+ Bxf6 17. Bxd2 Bxd4 18. e3 Bxb2 19. Bxc6 Bxc6+ 20. Kg1 Bxa1
21. Rxa1 Rd8 22. Bc3 Rd3 23. Bd4 Rd2
0-1

[Event "1800-2200 10 Player Round Robin"]
[Site "SchemingMind.com"]
[Date "2012.04.04"]
[Round "-"]
[White "Majoanis"]
[Black "smothered mate"]
[Result "0-1"]
[WhiteCountry "CAN"]
[BlackCountry "POL"]
[WhiteElo "1777"]
[WhiteRD "54"]
[BlackElo "1936"]
[BlackRD "62"]
[GameID "307453"]

1. c4 e6 2. Nc3 d5 3. d4 c5 4. cxd5 exd5 5. Nf3 Nc6 6. g3 c4 7. Bg2 Bb4 8. O-O Nge7 9. e4 O-O 10. exd5 Nxd5
11. Bg5 f6 12. Nxd5 Qxd5 13. Be3 Bg4 14. Ne5 Qxg2+ 15. Kxg2 Bxd1
0-1

[Event "1800-2200 10 Player Round Robin"]
[Site "SchemingMind.com"]
[Date "2012.04.04"]
[Round "-"]
[White "Majoanis"]
[Black "rookie31"]
[Result "0-1"]
[WhiteCountry "CAN"]
[BlackCountry "IND"]
[WhiteElo "1838"]
[WhiteRD "55"]
[BlackElo "2202"]
[BlackRD "65"]
[GameID "307454"]

1. c4 e5 2. Nc3 Nf6 3. Nf3 Nc6 4. d4 e4 5. Nd2 Bb4 6. e3 Bxc3 7. bxc3 d6 8. Be2 O-O 9. O-O Bf5 10. f3 Qe7
11. fxe4 Nxe4 12. Nxe4 Bxe4 13. Bd3 f5 14. Rb1 Na5
0-1

[Event "1800-2200 10 Player Round Robin"]
[Site "SchemingMind.com"]
[Date "2012.04.05"]
[Round "-"]
[White "Majoanis"]
[Black "Adrian Grajczak"]
[Result "0-1"]
[WhiteCountry "CAN"]
[BlackCountry "POL"]
[WhiteElo "1687"]
[WhiteRD "53"]
[BlackElo "2126"]
[BlackRD "65"]
[GameID "307455"]

1. c4 f5 2. Nf3 Nf6 3. g3 e6 4. Bg2 Be7 5. O-O O-O 6. d4 d5 7. b3 c6 8. Ba3 Bxa3 9. Nxa3 Qe7 10. Nc2 Nbd7
11. Nce1 Ne4 12. Nd3 Ndf6 13. Nfe5 Bd7 14. e3 Ng5 15. Nf4 Nf7 16. Nfd3 Nxe5 17. Nxe5 Rac8 18. Rc1 Qa3 19. Qc2 Qd6 20. f3 g6
21. Rcd1 Rfe8 22. e4 Re7 23. Nxg6 hxg6 24. e5 Qc7 25. exf6 Rf7 26. f4 Rxf6 27. h4 Be8 28. Rc1 Rd8 29. Rfe1 Qd6
0-1

[Event "1800-2200 10 Player Round Robin"]
[Site "SchemingMind.com"]
[Date "2012.04.05"]
[Round "-"]
[White "e_castle3"]
[Black "Majoanis"]
[Result "1-0"]
[WhiteCountry "PHI"]
[BlackCountry "CAN"]
[WhiteElo "1838"]
[WhiteRD "62"]
[BlackElo "1687"]
[BlackRD "53"]
[GameID "307456"]

1. e4 Nf6 2. e5 Nd5 3. c4 Nb6 4. d4 d6 5. exd6 exd6 6. Nc3 Nc6 7. a3 Be7 8. Nf3 O-O 9. Be2 Bf6 10. O-O Bg4
11. d5 Bxf3 12. gxf3 Ne5 13. Qb3 Qd7 14. Ne4 Qf5 15. Kh1 Rfe8 16. Rg1 Ng6 17. Bf1 Ne5 18. Nxf6+ Qxf6 19. Rg3 Ng6 20. Bd2 Nf4
21. Bxf4 Qxf4 22. Qc3 Qe5 23. Qxe5 Rxe5 24. Bd3 Rae8 25. Rag1 g6 26. f4 Re1 27. b3 Rxg1+ 28. Rxg1 Nd7 29. b4 b5 30. Kg2 bxc4
31. Bxc4 Nb6 32. Bb3 f5 33. Kf3 Kf7 34. Rc1 Re7 35. a4 Ke8 36. a5 Nc8 37. Rc3 Kd8 38. Re3 Kd7 39. Ba4+ Kd8 40. Ke2
1-0

[Event "1800-2200 10 Player Round Robin"]
[Site "SchemingMind.com"]
[Date "2012.04.04"]
[Round "-"]
[White "jdcald13"]
[Black "Majoanis"]
[Result "1-0"]
[WhiteCountry "USA"]
[BlackCountry "CAN"]
[WhiteElo "2007"]
[WhiteRD "68"]
[BlackElo "1687"]
[BlackRD "53"]
[GameID "307457"]

1. c4 b6 2. Nc3 Bb7 3. d4 e6 4. Nf3 Bb4 5. Bg5 Nf6 6. e3 h6 7. Bxf6 Qxf6 8. Be2 O-O 9. O-O Bxc3 10. bxc3 d6
11. Qd2 Nc6 12. d5 Na5 13. Nd4 exd5 14. cxd5 Bxd5 15. Nb5 c6 16. Nc7 Rac8 17. Nxd5 cxd5 18. Qxd5 Rxc3 19. Rad1 Rc2 20. Bd3 Rc5
21. Qe4 g6 22. h4 Qe5 23. Qg4 Qh5 24. Qxh5 Rxh5 25. g3 Rc5 26. Ba6 Rc2 27. Rxd6 Rxa2 28. Rd7 Ra8 29. Rfd1 Kg7 30. Rc7 Rf8
31. Rdd7 Rb2 32. e4 Nb3 33. Bc4 Nc5 34. Rxf7+ Rxf7 35. Rxf7+ Kh8 36. e5 Rb1+ 37. Kg2 Re1 38. f4 h5 39. Kf2 Rc1 40. Rf8+ Kh7
41. Bd5 Rc2+ 42. Ke3
1-0

[Event "1800-2200 10 Player Round Robin"]
[Site "SchemingMind.com"]
[Date "2012.04.04"]
[Round "-"]
[White "smothered mate"]
[Black "Majoanis"]
[Result "1-0"]
[WhiteCountry "POL"]
[BlackCountry "CAN"]
[WhiteElo "1978"]
[WhiteRD "63"]
[BlackElo "1834"]
[BlackRD "55"]
[GameID "307458"]

1. e4 Nf6 2. e5 Nd5 3. c4 Nb6 4. d4 d6 5. exd6 exd6 6. Nc3 Nc6 7. Be3 Be7 8. Qf3 O-O 9. a3 Be6 10. d5 Ne5
11. Qe4 Bd7 12. O-O-O f5 13. Qc2 f4 14. Bxb6 axb6 15. Nf3 Nxf3 16. gxf3 Bf5 17. Ne4 Qe8 18. Bd3 Qa4 19. Qe2 Qb3 20. Bc2 Qa2
21. Nc3 Qa1+ 22. Nb1
1-0